[Event "NM for klubblag"]
[Site "Drammen"]
[Date "2010.10.10"]
[Round "6"]
[White "Lunde, Sigmund"]
[Black "Clausen, Tormod"]
[Result "1-0"]
[WhiteElo "1727"]
[BlackElo "1653"]
[PlyCount "85"]
[EventDate "2011.10.08"]
[WhiteTeam "Sarpsborg SK"]
[BlackTeam "OSS 3"]

1. e4 c5 2. Nc3 d6 3. d3 Nc6 4. Be3 Nf6 5. f3 g6 6. Nge2 Bg7
7. Qd2 h5 8. O-O-O a6 9. h3 Bd7 10. g3 b5 11. Re1 Qa5 12. Kb1 b4 13. Nd1 Be6
14. Nc1 Nd7 15. f4 Rb8 16. Nb3 Qb6 17. Be2 a5 18. g4 a4 19. Na1 b3 20. cxb3
axb3 21. a3 f5 22. gxf5 gxf5 23. Rhg1 Bf6 24. Nc3 Nd4 25. exf5 Nxf5 26. Bf2 Bf7
27. Bf3 Nd4 28. Bd5 Qa6 29. Qe3 Nb6 30. Bxf7+ Kxf7 31. Nxb3 Nxb3 32. Qe6+ Kf8
33. Qxb3 Qxd3+ 34. Qc2 Qa6 35. Re6 Nc4 36. Rxf6+ exf6 37. Qg6 Rxb2+ 38. Kc1
Qxa3 39. Qxf6+ Ke8 40. Qxh8+ Ke7 41. Rg7+ Ke6 42. Qh6+ Kf5 43. Rf7# 1-0

[Event "NM for klubblag"]
[Site "Drammen"]
[Date "2010.10.10"]
[Round "6"]
[White "Børresen, Jon"]
[Black "Andersen, Dag"]
[Result "0-1"]
[WhiteElo "1300"]
[BlackElo "1717"]
[PlyCount "56"]
[EventDate "2011.10.08"]
[WhiteTeam "OSS 3"]
[BlackTeam "Sarpsborg SK"]

1. e4 e6 2. d4 d5 3. Nc3 Bb4 4. e5 c5 5. a3 Bxc3+ 6. bxc3 Ne7
7. Bb5+ Nbc6 8. Bxc6+ bxc6 9. Qg4 O-O 10. Ne2 Qa5 11. Bd2 Qa4 12. O-O Qxc2 13.
Bg5 Nf5 14. Rfc1 Qa4 15. Nf4 Kh8 16. Nh5 Ba6 17. Bf6 Rg8 18. Nxg7 Nxg7 19. Qg5
Bd3 20. h4 Bg6 21. h5 Bxh5 22. Qxh5 cxd4 23. cxd4 Raf8 24. Re1 Qxd4 25. Rad1
Qf4 26. Re3 Qxf6 27. Qxh7+ Kxh7 28. exf6 Nf5 0-1

[Event "NM for klubblag"]
[Site "Drammen"]
[Date "2010.10.10"]
[Round "6"]
[White "Johansen, Pål H"]
[Black "Tisdall, Jonathan"]
[Result "0-1"]
[WhiteElo "1607"]
[BlackElo "2397"]
[PlyCount "42"]
[EventDate "2011.10.08"]
[WhiteTeam "Akademisk SK 2"]
[BlackTeam "Asker Schakklubb"]

1. e4 e5 2. Nf3 Nc6 3. Bb5 Nd4 4. Nxd4 exd4 5. d3 Bc5 6. Nd2
c6 7. Bc4 d5 8. exd5 cxd5 9. Bb5+ Kf8 10. O-O Qa5 11. a4 a6 12. Nb3 Qc7 13. Qf3
axb5 14. Qxd5 Bd6 15. Nxd4 Nf6 16. Qxb5 Ra5 17. Qc4 Rc5 18. Qb3 Bxh2+ 19. Kh1
Rh5 20. Nf3 Bg4 21. Qc4 Bxf3 0-1

[Event "NM for klubblag"]
[Site "Drammen"]
[Date "2010.10.10"]
[Round "6"]
[White "Sahl, Bjarke"]
[Black "Søreng, Eirik"]
[Result "1-0"]
[WhiteElo "2345"]
[BlackElo "1599"]
[PlyCount "37"]
[EventDate "2011.10.08"]
[WhiteTeam "Asker Schakklubb"]
[BlackTeam "Akademisk SK 2"]

1. e4 d5 2. exd5 Qxd5 3. Nc3 Qd6 4. d4 Nf6 5. Nf3 c6 6. Ne5
Nbd7 7. Bf4 Nxe5 8. Bxe5 Qb4 9. a3 Qa5 10. Bc4 Bg4 11. Qd2 Bh5 12. O-O e6 13.
Qg5 h6 14. Qg3 Rc8 15. Rae1 Nd5 16. Nxd5 cxd5 17. b4 Qb6 18. Bxd5 Rxc2 19. Bb3
1-0

[Event "NM for klubblag"]
[Site "Drammen"]
[Date "2010.10.10"]
[Round "6"]
[White "Aulin-Jansson, Jøran"]
[Black "Liabøtrø, Ola"]
[Result "1-0"]
[WhiteElo "2121"]
[BlackElo "1525"]
[PlyCount "91"]
[EventDate "2011.10.08"]
[WhiteTeam "Asker Schakklubb"]
[BlackTeam "Akademisk SK 2"]

1. e4 d5 2. Nc3 dxe4 3. d3 Nf6 4. Bg5 Bg4 5.
Qd2 Nc6 6. Qf4 Qd7 7. dxe4 e5 8. Qg3 O-O-O 9. f3 Be6 10. Bb5 Bb4 11. Nge2 a6
12. Ba4 Bc4 13. a3 Bc5 14. Bxc6 Qxc6 15. Qxe5 Nd7 16. Qg3 f6 17. Bd2 Ne5 18.
O-O-O Bxe2 19. Nxe2 Nd3+ 20. Kb1 Nf2 21. Qxg7 Rdg8 22. Qh6 Rg6 23. Qh5 Nxh1 24.
Rxh1 Rhg8 25. Nf4 R6g7 26. g4 Rd7 27. Nd5 Rgd8 28. Qf5 Kb8 29. Bc3 Qb5 30. Bxf6
Rf8 31. Nc3 Qc6 32. g5 Rdf7 33. Qd5 Qxd5 34. Nxd5 c6 35. Nf4 Be3 36. Nd3 Bb6
37. h4 Kc8 38. e5 Rd7 39. f4 Be3 40. f5 Rd5 41. Re1 Bd4 42. Nf4 Rb5 43. b3 Bf2
44. Re4 Re8 45. h5 Bh4 46. a4 1-0

[Event "NM for klubblag"]
[Site "Drammen"]
[Date "2010.10.10"]
[Round "6"]
[White "Kostadinov, Kaloyan"]
[Black "Hauge, Lars Oskar"]
[Result "1/2-1/2"]
[WhiteElo "2024"]
[BlackElo "1812"]
[PlyCount "136"]
[EventDate "2011.10.08"]
[WhiteTeam "Stjernen SK"]
[BlackTeam "OSS 4"]

1. c4 e5 2. Nc3 Nc6 3. Nf3 f5 4. d4 e4 5. Ng1 Nf6 6. Bg5 Be7 7. h4 O-O 8. e3 h6
9. Bxf6 Bxf6 10. g3 d6 11. a3 Ne7 12. Nge2 Be6 13. Nf4 Bf7 14. Rc1 c5 15. d5
Qb6 16. Qc2 Ng6 17. Nxg6 Bxg6 18. Be2 Rae8 19. Bd1 Rf7 20. h5 Bh7 21. Qd2 Rff8
22. Ba4 Rd8 23. Rb1 g5 24. hxg6 Bxg6 25. Ne2 Be5 26. Rh4 Bf6 27. Nf4 Bxh4 28.
Nxg6 Bf6 29. Nxf8 Kxf8 30. Bd1 Kg7 31. Qc2 Qc7 32. Bh5 Qe7 33. Qb3 b6 34. Qa4
Rc8 35. Qa6 Rc7 36. Qa4 Rc8 37. Qc2 Be5 38. Kd2 b5 39. Be2 bxc4 40. Bxc4 Rb8
41. Kc1 h5 42. Qe2 h4 43. gxh4 Rh8 44. Kc2 Rxh4 45. Rg1+ Kf8 46. Kb3 Rh2 47.
Qd2 Qh4 48. Qa5 Rxf2 49. Qc7 Rxb2+ 50. Ka4 Qe7 51. Rg8+ Kf7 52. Qc8 Rb7 53. Bb5
Rc7 54. Qa8 Bg7 55. Re8 Qg5 56. Re6 Bf6 57. Rxd6 Qxe3 58. Rxf6+ Kxf6 59. Qd8+
Re7 60. d6 Qd4+ 61. Kb3 Qe3+ 62. Kc2 Qf2+ 63. Kd1 Qg1+ 64. Ke2 Qg2+ 65. Ke1
Qg1+ 66. Bf1 Qe3+ 67. Be2 Qc1+ 68. Kf2 Qf4+ 1/2-1/2

[Event "NM for klubblag"]
[Site "Drammen"]
[Date "2010.10.10"]
[Round "6"]
[White "Suntharalingam, Jathavan"]
[Black "Omtvedt, Per"]
[Result "1/2-1/2"]
[WhiteElo "1751"]
[BlackElo "1877"]
[PlyCount "38"]
[EventDate "2011.10.08"]
[WhiteTeam "OSS 4"]
[BlackTeam "Stjernen SK"]

1. e4 e6 2. d4 d5 3. Nd2 Be7 4. Bd3 c5 5. c3 cxd4 6. cxd4 Nc6 7. Ne2 dxe4 8.
Nxe4 Nf6 9. O-O O-O 10. Be3 Nb4 11. Nxf6+ Bxf6 12. Be4 Nd5 13. Qd3 g6 14. Bh6
Bg7 15. Bxg7 Kxg7 16. Nc3 b6 17. Qb5 Bb7 18. Nxd5 Bxd5 19. Bxd5 Qxd5 1/2-1/2

[Event "NM for klubblag"]
[Site "Drammen"]
[Date "2010.10.10"]
[Round "6"]
[White "Liabøtrø, Pål-Ole"]
[Black "Riiser, Samuel"]
[Result "1-0"]
[WhiteElo "1865"]
[BlackElo "1526"]
[PlyCount "35"]
[EventDate "2011.10.08"]
[WhiteTeam "Stjernen SK"]
[BlackTeam "OSS 4"]

1. c4 e5 2. Nc3 Nf6 3. Nf3 Nc6 4. g3 Bb4 5. Bg2 d6 6. O-O O-O
7. d3 Bxc3 8. bxc3 h6 9. e4 Be6 10. Ne1 Qd7 11. f4 Bh3 12. f5 Bxg2 13. Kxg2 Kh7
14. g4 Rg8 15. g5 Ne8 16. Qh5 f6 17. g6+ Kh8 18. Bxh6 1-0

[Event "NM for klubblag"]
[Site "Drammen"]
[Date "2010.10.10"]
[Round "6"]
[White "Solem, Trond"]
[Black "Andersen, Øystein R"]
[Result "1-0"]
[WhiteElo "2121"]
[BlackElo "1867"]
[PlyCount "85"]
[EventDate "2011.10.08"]
[WhiteTeam "Nordstrand SK 1"]
[BlackTeam "Black Knights 2"]

1. Nf3 Nf6 2. g3 g6 3. c4 d6 4. d4 Bg7 5. Bg2 O-O 6. O-O c5 7. Nc3 Na6 8. b3
Rb8 9. Bb2 Nc7 10. Qc2 a6 11. dxc5 dxc5 12. Rad1 Qe8 13. Na4 Bf5 14. Qc1 Ne4
15. Bxg7 Kxg7 16. Ne5 Nd6 17. Nxc5 b6 18. Bc6 Qc8 19. Bd7 Bxd7 20. Ncxd7 f6 21.
Nxb8 fxe5 22. Nc6 Qh3 23. Nxe5 Rf5 24. f4 Rh5 25. Rf2 Ne6 26. Nf3 Nc5 27. Ng5
Qg4 28. Qc3+ Kg8 29. Qf3 Qxf3 30. exf3 h6 31. Ne4 Ncxe4 32. fxe4 Nxe4 33. Re2
Nc3 34. Rd8+ Kf7 35. Re3 Nxa2 36. Rd7 b5 37. Rexe7+ Kf6 38. Re2 Nc3 39. Rd6+
Kf7 40. Re3 Nb1 41. Rxa6 bxc4 42. bxc4 Rc5 43. Rb3 1-0

[Event "NM for klubblag"]
[Site "Drammen"]
[Date "2010.10.10"]
[Round "6"]
[White "Levang, Pål K"]
[Black "Sørgjerd, Jan"]
[Result "0-1"]
[WhiteElo "1863"]
[BlackElo "1983"]
[PlyCount "70"]
[EventDate "2011.10.08"]
[WhiteTeam "Black Knights 2"]
[BlackTeam "Nordstrand SK 1"]

1. c4 e5 2. g3 Nc6 3. Bg2 g6 4. Nc3 Bg7 5. e3 d6 6. Nge2 Nf6 7. O-O O-O 8. a3
Be6 9. b3 Qd7 10. Bb2 Bh3 11. Qc2 Rac8 12. d3 Bxg2 13. Kxg2 Nh5 14. Rad1 f5 15.
f4 Rf7 16. Nd5 Nd8 17. Rfe1 c6 18. Nb4 Re7 19. Kf2 Nf6 20. h3 Nf7 21. Qc1 Nh5
22. Ng1 Bh6 23. d4 exf4 24. gxf4 Re4 25. Nf3 Qe7 26. Nc2 Qd8 27. Rg1 Nxf4 28.
exf4 Rxf4 29. Qb1 Qh4+ 30. Rg3 Ng5 31. Nce1 Ne4+ 32. Ke2 Qxg3 33. Qc2 Qf2+ 34.
Kd3 Rxf3+ 35. Nxf3 Qxf3# 0-1

[Event "NM for klubblag"]
[Site "Drammen"]
[Date "2010.10.10"]
[Round "6"]
[White "Glenne, Bjørn Erik"]
[Black "Snellingen, Jørn"]
[Result "1/2-1/2"]
[WhiteElo "2126"]
[BlackElo "1843"]
[PlyCount "28"]
[EventDate "2011.10.08"]
[WhiteTeam "Nordstrand SK 1"]
[BlackTeam "Black Knights 2"]

1. d4 Nf6 2. c4 Nc6 3. Nf3 e6 4. Nc3 Bb4 5. Bd2 O-O 6. Qc2 d6
7. e3 e5 8. dxe5 dxe5 9. a3 Bxc3 10. Bxc3 Re8 11. Be2 Bg4 12. Ng5 Bxe2 13. Qxe2
h6 14. Rd1 Qc8 1/2-1/2

[Event "NM for klubblag"]
[Site "Drammen"]
[Date "2010.10.10"]
[Round "6"]
[White "Wasenius, Thomas"]
[Black "Baastø, Espen"]
[Result "0-1"]
[WhiteElo "1238"]
[BlackElo "2014"]
[PlyCount "22"]
[EventDate "2011.10.08"]
[WhiteTeam "Black Knights 2"]
[BlackTeam "Nordstrand SK 1"]

1. e4 c6 2. c4 d5 3. exd5 cxd5 4. cxd5 Nf6 5. Nc3 Nxd5 6. d4 Nc6 7. Bc4 e6 8.
Nf3 Bb4 9. Bd2 O-O 10. O-O Nb6 11. a3 Bxc3 0-1

[Event "NM for klubblag"]
[Site "Drammen"]
[Date "2010.10.10"]
[Round "6"]
[White "Stray, Gunnar"]
[Black "Lien, Kjell Håkon"]
[Result "1-0"]
[WhiteElo "1974"]
[BlackElo "1453"]
[PlyCount "51"]
[EventDate "2011.10.08"]
[WhiteTeam "Moss Schakklub 2"]
[BlackTeam "Hønefoss SK 2"]

1. d4 Nf6 2. Nf3 d5 3. e3 e6 4. Bd3 Bd6 5. Nbd2 Nbd7 6. O-O c5 7. b3 O-O 8. Bb2
b6 9. Ne5 Bb8 10. f4 Bb7 11. Qf3 Re8 12. g4 h6 13. g5 Nh7 14. Bxh7+ Kxh7 15.
Nxf7 Qe7 16. Qh5 Rf8 17. g6+ Kg8 18. dxc5 Qxc5 19. Bd4 Qxc2 20. Qxh6 Rxf7 21.
gxf7+ Kxf7 22. Qxg7+ Ke8 23. Nf3 Bd6 24. Ne5 Bc6 25. Rac1 Bxe5 26. fxe5 1-0

[Event "NM for klubblag"]
[Site "Drammen"]
[Date "2010.10.10"]
[Round "6"]
[White "Onstad, Lars"]
[Black "Thingstad, Tormod"]
[Result "1-0"]
[WhiteElo "1786"]
[BlackElo "1077"]
[PlyCount "49"]
[EventDate "2011.10.08"]
[WhiteTeam "Moss Schakklub 2"]
[BlackTeam "Hønefoss SK 2"]

1. e4 e5 2. Nf3 d6 3. Bc4 Be7 4. c3 Nf6 5. d3 O-O 6. h3 Nbd7 7. Be3 a6 8. a4 c6
9. Nbd2 b5 10. axb5 cxb5 11. Bxb5 Rb8 12. Bxa6 Rxb2 13. Nc4 Rb8 14. O-O d5 15.
exd5 Nxd5 16. Bxc8 Qxc8 17. Qd2 f6 18. Ra2 Rb3 19. Rc1 Bc5 20. Ra5 Bxe3 21.
fxe3 N7b6 22. Nxb6 Nxb6 23. Qa2 Qe6 24. Rb5 Ra8 25. Qxb3 1-0

[Event "NM for klubblag"]
[Site "Drammen"]
[Date "2010.10.10"]
[Round "6"]
[White "Lien, Johan"]
[Black "Andersen, Benjamin Mjelde"]
[Result "0-1"]
[WhiteElo "810"]
[BlackElo "1224"]
[PlyCount "38"]
[EventDate "2011.10.08"]
[WhiteTeam "Hønefoss SK 2"]
[BlackTeam "Moss Schakklub 2"]

1. d4 d5 2. c4 e6 3. e3 Nf6 4. Nf3 c5 5. Nc3 Bd7 6. Bd3 Nc6 7. O-O Bd6 8. Re1
Qc7 9. e4 dxe4 10. Nxe4 Nxd4 11. Nxf6+ gxf6 12. Bh6 Bc6 13. Be4 O-O-O 14. Bg7
Rhg8 15. Bxf6 Rd7 16. Bxh7 Nxf3+ 17. Kh1 Nxe1 18. Bxg8 Bxg2+ 19. Kg1 Bxh2# 0-1

[Event "NM for klubblag"]
[Site "Drammen"]
[Date "2010.10.10"]
[Round "6"]
[White "Persen, Ole Morten"]
[Black "Ingul, Tormod"]
[Result "0-1"]
[WhiteElo "1590"]
[BlackElo "1749"]
[PlyCount "40"]
[EventDate "2011.10.08"]
[WhiteTeam "Modum Sjakklubb"]
[BlackTeam "SMPOAÅ"]

1. Nf3 h6 2. d4 g5 3. e4 Bg7 4. Bc4 d6 5. c3 Nd7 6. Be3 b6 7. Qb3 e6 8. Na3 Bb7
9. Nd2 Ngf6 10. Bd3 a6 11. O-O Ng4 12. Rae1 h5 13. f4 Nxe3 14. Rxe3 gxf4 15.
Rh3 Qg5 16. Nf3 Qg6 17. Nh4 Qg4 18. Qc2 Rg8 19. Be2 Qg5 20. Nf3 Bxd4+ 0-1

[Event "NM for klubblag"]
[Site "Drammen"]
[Date "2010.10.10"]
[Round "6"]
[White "Tørum, Arild"]
[Black "Paulsen, Stig-Atle"]
[Result "1-0"]
[WhiteElo "1571"]
[BlackElo "1514"]
[PlyCount "81"]
[EventDate "2011.10.08"]
[WhiteTeam "SMPOAÅ"]
[BlackTeam "Modum Sjakklubb"]

1. e4 e5 2. f4 exf4 3. Nf3 Nc6 4. Bc4 d6 5. d4 Bg4 6. Bxf4 Be7 7. Qd3 Bxf3 8.
gxf3 Bh4+ 9. Bg3 Na5 10. Nd2 Nxc4 11. Qxc4 Qe7 12. Qa4+ c6 13. O-O-O Bxg3 14.
hxg3 a5 15. e5 d5 16. c4 dxc4 17. Qxc4 O-O-O 18. Ne4 Kb8 19. Nd6 Rxd6 20. exd6
Qe3+ 21. Kb1 Qxf3 22. d5 Nh6 23. dxc6 Qxc6 24. Qf4 Qd7 25. Rhf1 f6 26. Rd5 Nf7
27. Rc1 Rc8 28. Rxc8+ Kxc8 29. Rc5+ Kb8 30. Rc7 Qb5 31. Rxf7 Qd3+ 32. Kc1 g5
33. Rf8+ Ka7 34. Qf2+ b6 35. Rf7+ Ka6 36. Rxf6 Qc4+ 37. Kd1 Qd3+ 38. Qd2 Qb1+
39. Ke2 Qe4+ 40. Kf2 Qc6 41. Qd3+ 1-0

[Event "NM for klubblag"]
[Site "Drammen"]
[Date "2010.10.10"]
[Round "6"]
[White "Leite, Steinar"]
[Black "Dybvik, Edvin"]
[Result "0-1"]
[WhiteElo "1365"]
[BlackElo "1532"]
[PlyCount "84"]
[EventDate "2011.10.08"]
[WhiteTeam "Modum Sjakklubb"]
[BlackTeam "SMPOAÅ"]

1. e4 e5 2. Nf3 Nc6 3. d4 exd4 4. Nxd4 Nf6 5. Nxc6 bxc6 6. Bd3 Be7 7. O-O d6 8.
Nc3 O-O 9. Qe2 Re8 10. Bg5 Nd7 11. Bxe7 Qxe7 12. f4 Nc5 13. Rae1 f6 14. Qf3 Bb7
15. Bc4+ Kh8 16. Re2 Rad8 17. Rfe1 Qf8 18. b4 Nd7 19. a3 Nb6 20. Bd3 d5 21. Qh5
g6 22. Qh4 d4 23. Nd1 Qf7 24. Nf2 Kg7 25. g4 Nc4 26. Bxc4 Qxc4 27. Nd3 Qf7 28.
g5 fxg5 29. fxg5 Bc8 30. Rf2 Qe6 31. Qh6+ Kg8 32. Ref1 Qg4+ 33. Kh1 Qxe4+ 34.
Kg1 Bf5 35. Rf4 Qe3+ 36. R4f2 Re4 37. Kh1 Rg4 38. Nc5 Be4+ 39. Nxe4 Qxe4+ 40.
Rf3 Rh4 41. Kg1 Rxh6 42. gxh6 Qe7 0-1

[Event "NM for klubblag"]
[Site "Drammen"]
[Date "2010.10.10"]
[Round "6"]
[White "Gunnufsen, Morten"]
[Black "Haugland, Rasmus L"]
[Result "1-0"]
[WhiteElo "1336"]
[BlackElo "1094"]
[PlyCount "67"]
[EventDate "2011.10.08"]
[WhiteTeam "SMPOAÅ"]
[BlackTeam "Modum Sjakklubb"]

1. e4 c5 2. c3 e5 3. Bc4 Nf6 4. d3 Nc6 5. f4 d6 6. Nf3 Bg4 7. h3 Bxf3 8. Qxf3
a6 9. O-O Be7 10. f5 b5 11. Bb3 a5 12. Bd1 d5 13. exd5 Qxd5 14. Qxd5 Nxd5 15.
Bf3 Rd8 16. a3 a4 17. c4 bxc4 18. dxc4 Nd4 19. Bxd5 O-O 20. Nc3 Bh4 21. Bd2 Rd6
22. Be1 Nc2 23. Bxh4 Nxa1 24. Rxa1 Ra6 25. Ne4 Rh6 26. Be7 Rb8 27. Nd6 Rxb2 28.
Nxf7 Rhb6 29. Nxe5+ Kh8 30. Bxc5 R6b3 31. Re1 h6 32. Ng6+ Kh7 33. Re8 Rb1+ 34.
Kh2 1-0

[Event "NM for klubblag"]
[Site "Drammen"]
[Date "2010.10.10"]
[Round "6"]
[White "Tari, Aryan"]
[Black "Ulvnes, Roar"]
[Result "1/2-1/2"]
[WhiteElo "1999"]
[BlackElo "1945"]
[PlyCount "25"]
[EventDate "2011.10.08"]
[WhiteTeam "Asker Schakklubb 2"]
[BlackTeam "Nordstrand SK 2"]

1. e4 c5 2. Nf3 Nc6 3. Nc3 g6 4. d4 cxd4 5. Nxd4 Bg7 6. Be3 Nf6 7. Bc4 Qa5 8.
O-O O-O 9. Bb3 d6 10. h3 Nxd4 11. Bxd4 Be6 12. Nd5 Bxd5 13. exd5 1/2-1/2

[Event "NM for klubblag"]
[Site "Drammen"]
[Date "2010.10.10"]
[Round "6"]
[White "Aarnes, Carl"]
[Black "Strand, Kjetil"]
[Result "0-1"]
[WhiteElo "1598"]
[BlackElo "1919"]
[PlyCount "114"]
[EventDate "2011.10.08"]
[WhiteTeam "Nordstrand SK 2"]
[BlackTeam "Asker Schakklubb 2"]

1. d4 d5 2. c4 c6 3. g3 Bf5 4. Nc3 e6 5. Bg2 Nf6 6. Nf3 h6 7. O-O Nbd7 8. cxd5
exd5 9. Bf4 Be7 10. Rc1 O-O 11. Qd2 Re8 12. h3 Ne4 13. Nxe4 Bxe4 14. Ne5 Bxg2
15. Kxg2 Bd6 16. Nd3 Bxf4 17. Nxf4 Qg5 18. Rc2 Nf6 19. Nd3 Qf5 20. Qf4 Qh5 21.
Ne5 Re6 22. g4 Qg5 23. Qxg5 hxg5 24. Nf3 Ne4 25. Rh1 Rh6 26. h4 gxh4 27. Rxh4
Rxh4 28. Nxh4 Re8 29. e3 g6 30. Nf3 Kg7 31. Nd2 f5 32. Nxe4 fxe4 33. Rc3 Rf8
34. Ra3 a6 35. Rb3 Rf7 36. Rc3 Kh6 37. Rc1 Kg5 38. Rh1 Kxg4 39. Rh6 g5 40. Rg6
Kf5 41. Rg8 Kf6 42. Kg3 Rg7 43. Rf8+ Ke6 44. Kg4 Rg6 45. Rf5 Rf6 46. Re5+ Kd6
47. Rf5 Rxf5 48. Kxf5 c5 49. dxc5+ Kxc5 50. Ke5 a5 51. b3 b5 52. a3 a4 53. bxa4
bxa4 54. Ke6 Kc4 55. Ke5 g4 56. Kd6 d4 57. exd4 Kxd4 0-1

[Event "NM for klubblag"]
[Site "Drammen"]
[Date "2010.10.10"]
[Round "6"]
[White "Lund, Petter"]
[Black "Dyrnes, Jussi"]
[Result "0-1"]
[WhiteElo "1552"]
[BlackElo "1766"]
[PlyCount "62"]
[EventDate "2011.10.08"]
[WhiteTeam "Asker Schakklubb 2"]
[BlackTeam "Nordstrand SK 2"]

1. e4 Nf6 2. e5 Nd5 3. Bc4 Nb6 4. Bb3 c5 5. d3 d5 6. exd6 Qxd6 7. Nc3 Bd7 8.
Qf3 e6 9. Bf4 Qc6 10. Ne4 Na6 11. Qg3 O-O-O 12. Nf3 f6 13. Bd6 f5 14. Ne5 Bxd6
15. Nxc6 Bxg3 16. Nxd8 fxe4 17. Nxe6 Be5 18. O-O-O c4 19. dxc4 Bxe6 20. c5 Nxc5
21. Bxe6+ Nxe6 22. Rhe1 Nc5 23. b3 Rd8 24. g3 Bc3 25. Rxd8+ Kxd8 26. Re2 Nd5
27. a3 a5 28. h3 Kd7 29. Kd1 Kc6 30. f4 e3 31. Kc1 Ne4 0-1

[Event "NM for klubblag"]
[Site "Drammen"]
[Date "2010.10.10"]
[Round "6"]
[White "Gaarder, Hans K"]
[Black "Benn, Neil"]
[Result "1/2-1/2"]
[WhiteElo "1353"]
[BlackElo "1549"]
[PlyCount "108"]
[EventDate "2011.10.08"]
[WhiteTeam "Nordstrand SK 2"]
[BlackTeam "Asker Schakklubb 2"]

1. e4 c5 2. Nf3 a6 3. d4 cxd4 4. Nxd4 e5 5. Nf3 Nf6 6. Bg5 h6 7. Bxf6 Qxf6 8.
Nc3 Bb4 9. Qd2 O-O 10. a3 Bxc3 11. Qxc3 Nc6 12. O-O-O d6 13. Bc4 Bg4 14. Rd3
Bxf3 15. gxf3 Nd4 16. Re3 Rac8 17. Qd3 Rc7 18. c3 b5 19. Bd5 Ne6 20. Bxe6 Qxe6
21. Rd1 Rc6 22. Qd2 a5 23. Qd5 Qxd5 24. Rxd5 Rb8 25. Red3 Rbb6 26. b4 axb4 27.
axb4 g5 28. Kb2 f6 29. Rd1 Kf7 30. h4 Ke6 31. hxg5 hxg5 32. Rg1 Rc7 33. Kb3 Rh7
34. c4 bxc4+ 35. Kc3 Rh3 36. Rg3 Rh1 37. Rd2 Rb1 38. Kxc4 R6xb4+ 39. Kd3 Rd4+
40. Ke2 Rxd2+ 41. Kxd2 d5 42. exd5+ Kxd5 43. Rg4 Rb3 44. Ke2 Rc3 45. Ra4 Rc4
46. Ra5+ Kd4 47. Ra6 f5 48. Rf6 g4 49. Rxf5 Rc2+ 50. Kf1 gxf3 51. Rxf3 Rc1+ 52.
Kg2 Ke4 53. Re3+ Kf4 54. Rf3+ Ke4 1/2-1/2

[Event "NM for klubblag"]
[Site "Drammen"]
[Date "2010.10.10"]
[Round "6"]
[White "Aabid, Ryaad"]
[Black "Lea, Per"]
[Result "0-1"]
[WhiteElo "1487"]
[BlackElo "1569"]
[PlyCount "86"]
[EventDate "2010.10.08"]
[WhiteTeam "Kristiansand Sjakklubb"]
[BlackTeam "Follo Sjakkforening"]

1. e4 e5 2. f4 d5 3. exd5 e4 4. Nc3 Nf6 5. Bb5+ Bd7 6. Bxd7+ Qxd7 7. d3 Bb4 8.
Nge2 exd3 9. Qxd3 Qxd5 10. Qxd5 Nxd5 11. Bd2 Nxc3 12. Bxc3 Nc6 13. O-O-O O-O
14. Bxb4 Nxb4 15. a3 Na6 16. Rd7 f6 17. Rhd1 Rf7 18. Ng3 Nc5 19. Rxf7 Kxf7 20.
b4 Ne6 21. f5 Nf8 22. Ne4 b6 23. Nc3 Re8 24. Kb2 Re5 25. Rd5 Rxd5 26. Nxd5 c6
27. Ne3 Nd7 28. c4 c5 29. b5 Ke7 30. Kc3 Kd6 31. Kd3 Ke5 32. g3 g6 33. fxg6
hxg6 34. Nd5 Ke6 35. Ke4 Ne5 36. Nf4+ Kd6 37. Nxg6 Nxg6 38. Kf5 Ne5 39. h4 Ke7
40. h5 Kf7 41. h6 Nxc4 42. a4 Nd6+ 43. Kf4 Kg6 0-1

[Event "NM for klubblag"]
[Site "Drammen"]
[Date "2010.10.10"]
[Round "6"]
[White "Furnes, Torstein"]
[Black "Bratsberg, Lars Ivar"]
[Result "1-0"]
[WhiteElo "1551"]
[BlackElo "1152"]
[PlyCount "60"]
[EventDate "2010.??.??"]
[WhiteTeam "Follo Sjakkforening"]
[BlackTeam "Kristiansand Sjakklubb"]

1. d4 d5 2. c4 e5 3. dxe5 d4 4. Nf3 Nc6 5. g3 Be6 6. b3 Qd7 7. Bg2 g6 8. O-O
Bg7 9. Bf4 Nge7 10. Na3 O-O 11. Nc2 Rad8 12. Qd2 h6 13. Bxh6 Nxe5 14. Nxe5 Bxe5
15. Bxf8 d3 16. Bxe7 Qxe7 17. Rad1 Kg7 18. exd3 Rh8 19. Bxb7 Qd7 20. Bg2 Bh3
21. Bxh3 Qxh3 22. f4 Bc3 23. Qxc3+ f6 24. Rf2 Qg4 25. Re1 Kf7 26. d4 Rh3 27.
Qe3 Qd7 28. Rfe2 f5 29. Qe7+ Qxe7 30. Rxe7+ Kf8 1-0

[Event "NM for klubblag"]
[Site "Drammen"]
[Date "2010.10.10"]
[Round "6"]
[White "Ugland, Torge"]
[Black "Suntharalingam, Jarani"]
[Result "0-1"]
[WhiteElo "1409"]
[BlackElo "1385"]
[PlyCount "96"]
[EventDate "2011.10.08"]
[WhiteTeam "Drammens SK 2"]
[BlackTeam "OSS 6"]

1. e4 c5 2. d4 cxd4 3. c3 dxc3 4. Nxc3 e5 5. Bc4 Nf6 6. Nf3 Nc6 7. O-O Bb4 8.
Qb3 O-O 9. Bg5 Bxc3 10. bxc3 h6 11. Bh4 d6 12. Rad1 Qe7 13. Qa3 Rd8 14. Rfe1
Be6 15. Bd5 Bg4 16. Rd3 Rd7 17. Qa4 Rc8 18. h3 Bh5 19. Nh2 g5 20. Bg3 Kh7 21.
f3 Qd8 22. Rb1 Ne7 23. c4 Nfxd5 24. cxd5 a6 25. Nf1 Bg6 26. Qb3 f5 27. Nd2 b5
28. Rc3 Rxc3 29. Qxc3 f4 30. Bf2 Rc7 31. Qb2 Qc8 32. Kf1 Nxd5 33. exd5 Bxb1 34.
Nxb1 Rc1+ 35. Be1 Qc4+ 36. Qe2 Rxb1 37. Qxc4 bxc4 38. Ke2 Rb2+ 39. Kf1 Rxa2 40.
Bb4 Rb2 41. Bxd6 Rd2 42. Bxe5 Rxd5 43. Bc3 a5 44. Ke2 a4 45. Bb4 Rd3 46. Bd2 a3
47. Bc1 a2 48. Bb2 c3 0-1

[Event "NM for klubblag"]
[Site "Drammen"]
[Date "2010.10.10"]
[Round "6"]
[White "Rødsmoen, Maud"]
[Black "Bonsaksen, Tore"]
[Result "1/2-1/2"]
[WhiteElo "1358"]
[BlackElo "1376"]
[PlyCount "118"]
[EventDate "2011.10.08"]
[WhiteTeam "OSS 6"]
[BlackTeam "Drammens SK 2"]

1. e4 e5 2. Nf3 Nf6 3. Nxe5 d6 4. Nf3 Nxe4 5. Qe2 Qe7 6. d4 d5 7. Bf4 c6 8. b3
Bg4 9. Nbd2 Nxd2 10. Qxe7+ Bxe7 11. Nxd2 O-O 12. Bd3 Bb4 13. O-O Bc3 14. Rac1
Bxd4 15. Rfe1 Nd7 16. h3 Be6 17. Nf3 Bf6 18. Ng5 Bxg5 19. Bxg5 Rfe8 20. Re3 Nc5
21. Rce1 Nxd3 22. cxd3 Kf8 23. Bf4 Rad8 24. Kf1 d4 25. Re4 c5 26. Bg5 Rc8 27.
Bf4 b6 28. R1e2 Bd7 29. Bd6+ Kg8 30. Rxe8+ Bxe8 31. Re7 Ra8 32. Ke2 Bc6 33. f3
h6 34. b4 cxb4 35. Bxb4 a5 36. Bd6 Bd5 37. a3 b5 38. Bc5 b4 39. axb4 axb4 40.
Bxb4 Ra2+ 41. Bd2 Bc6 42. Rc7 Rc2 43. Rc8+ Kh7 44. Rd8 Rc5 45. Rxd4 Re5+ 46.
Be3 g5 47. Rd6 Bb5 48. h4 f5 49. Kd2 f4 50. Bf2 h5 51. Rd8 g4 52. Rh8+ Kg6 53.
fxg4 hxg4 54. Rg8+ Kh5 55. Rg5+ Rxg5 56. hxg5 Kxg5 57. g3 f3 58. d4 Kf5 59. Ke3
Bc6 1/2-1/2

[Event "NM for klubblag"]
[Site "Drammen"]
[Date "2010.10.10"]
[Round "6"]
[White "Taksrud, Vidar"]
[Black "Meyer, Michael A"]
[Result "1-0"]
[WhiteElo "2025"]
[BlackElo "1313"]
[PlyCount "63"]
[EventDate "2011.10.08"]
[WhiteTeam "SK Tempo (Drammen)"]
[BlackTeam "Fredriksstad Schakselskap"]

1. e4 c5 2. Nf3 g6 3. d4 cxd4 4. Nxd4 Bg7 5. Nc3 Nf6 6. f3 O-O 7. Bc4 a6 8. Be3
b5 9. Bb3 Bb7 10. Qd2 d5 11. e5 Ne8 12. e6 Nc7 13. exf7+ Rxf7 14. O-O-O Nc6 15.
Nxc6 Bxc6 16. Nxd5 Bxd5 17. Bxd5 Nxd5 18. Qxd5 Qxd5 19. Rxd5 Rff8 20. Rhd1 Rfe8
21. Bd4 Bh6+ 22. Kb1 e6 23. Rd7 Bg5 24. Be5 Rad8 25. c3 Rxd7 26. Rxd7 Re7 27.
Rd8+ Kf7 28. Rh8 h5 29. Ra8 Rd7 30. f4 Bf6 31. Bxf6 Kxf6 32. Rxa6 1-0